00812nam a2200169 a 450000100100000000500170001000800410002704000250006808200150009324500960010826000730020430000230027759000260030095201140032695201850044099900170062500003826920201002031219.0130405s1987 dr r 000 0 spa d aDO-SdBNPbspacBNPHU axxxxaxxxx00aResoluciones escogidas de la junta monetaria /cBanco Central de la República Dominicana. aSanto Domingo :bBanco Central de la República Dominicana ,c1987. a150 p. : ;c21 cm. aInventariado, 2019/BT 0010718PDaPDbPDcHDd2013-04-05iLF1l0oxxxx xxxx p38269-10r2020-06-25w2020-06-25yLFPDZNo se presta 0010718PDaPDbPDcHDd2013-04-19iLF1l0oxxxx xxxx p38269-20r2020-06-25te.2w2020-06-25yLFPDzPerteneció a la biblioteca personal de la familia Reyes Duluc.ZNo se presta c37759d37759